000 00201 a2200097 4500
001 1819
100 _aTolts, F.E.
245 _aIndustrial Management
260 _a
_bMcgrawhill
_c
090 _c1326
_d1326
942 _aNUST-CAE
_cM
_c3625
999 _c236892
_d236892